=LDR 00000nam 2200000 4500 =001 NUTBA000000000001005 =005 20140408120203.0 =006 =007 =008 =020 ##$$a 979-421-394-2 =035 ##$$0010-041400000000275 =082 ##$$a 658.403 8 =090 ##$$a 658.403 38$b Sco p =100 ##$$a Scott, George M. =245 ##$$a Prinsip-prinsip sistem informasi manajemen$cGeorge m. Scott =250 ##$$a cet.8 =260 ##$$a Jakarta$bRajaGrafindo Persada$c2004. =300 ##$$a xv,625 hlm.$bilus.$c23 cm. =650 ##$$a Manajemen informasi =850 ##$$a NBPNMAT =990 ##$$a 20606363 =990 ##$$a 93156/BPAP-NTB/2014 =990 ##$$a 93844/BPAP-NTB/2014 =990 ##$$a 93845/BPAP-NTB/2014 =990 ##$$a 93877/BPAP-NTB/2014 =990 ##$$a 21194968/BPAP-NTB/2014 =990 ##$$a 0001/BPAP-NTB/20142014 =990 ##$$a 0001/BPAP-NTB/20142015